Tempra d'acciaio (Record no. 47025)

MARC details
000 -LEADER
campo de control de longitud fija 00346nam a2200133 i 4500
001 - NÚMERO DE CONTROL
campo de control 47025
003 - IDENTIFICADOR DE NÚMERO DE CONTROL
campo de control ES-MaACL
007 - CAMPO FIJO DE DESCRIPCIÓN FÍSICA--INFORMACIÓN GENERAL
campo de control de longitud fija t|
008 - DATOS DE LONGITUD FIJA--INFORMACIÓN GENERAL
campo de control de longitud fija 030402s1892 it ||||1| ita d
100 1# - ENTRADA PRINCIPAL--NOMBRE DE PERSONA
Nombre de persona Conti, Giuseppe.
9 (RLIN) 40288
245 10 - MENCIÓN DEL TÍTULO
Título Tempra d'acciaio
Resto del título : novela /
Mención de responsabilidad, etc. Giuseppe Conti.
260 ## - PUBLICACIÓN, DISTRIBUCIÓN, ETC.
Lugar de publicación, distribución, etc. Firenze :
Nombre del editor, distribuidor, etc. [s.n.],
Fecha de publicación, distribución, etc. 1892.
852 ## - LOCALIZACIÓN
Ubicación ES-MaACL
Número de control de estantería T-703-F-7
Holdings
Estatus retirado Estado de pérdida Estado de daño No para préstamo Colección Biblioteca de origen Biblioteca actual Ubicación en estantería Fecha de adquisición Fuente de adquisición Total de préstamos Signatura topográfica completa Código de barras Visto por última vez Precio de reemplazo Tipo de ítem Koha
        Colección de folletos Biblioteca del Ateneo de Madrid Biblioteca del Ateneo de Madrid Depósito folletos 17/01/2008     T-703-F-7 1049460 23/02/2023 23/02/2023 Folleto